| 000 | 00701pam a2200253 i 4500 | ||
|---|---|---|---|
| 999 |
_c7052 _d7052 |
||
| 001 | 4097795 | ||
| 003 | OSt | ||
| 005 | 20210830161449.0 | ||
| 008 | 750116s1976 nyua b 001 0 eng | ||
| 010 | _a 74033103 | ||
| 020 | _a0024180904 | ||
| 040 |
_aDLC _cDDC _dDLC |
||
| 050 | 0 | 0 |
_aQH430 _b.S87 1976 |
| 082 | 0 | 0 | _a575.1STR1976 |
| 100 | 1 |
_aStrickberger, Monroe W. _914517 |
|
| 245 | 1 | 0 |
_aGenetics _c Strickberger,Monroe.W |
| 250 | _a2d ed. | ||
| 260 |
_aNew York : _bMacmillan, _cc1976. |
||
| 300 |
_axiv, 914 p. : _bill. ; _c24 cm. |
||
| 504 | _aIncludes bibliographies and indexes. | ||
| 650 | 0 |
_aBiology _95602 |
|
| 906 |
_a7 _bcbc _corignew _d1 _eocip _f19 _gy-gencatlg |
||
| 942 |
_2ddc _cO_SHELF |
||